Voces de la política, del púlpito y de la calle

Bewaard in:
Bibliografische gegevens
Hoofdauteur: Boizard B., Ricardo
Formaat: Boek
Taal:Spaans
Gepubliceerd in: Santiago, Chile Ercilla 1939
Reeks:Colección Contemporáneos
Onderwerpen:
Tags: Voeg label toe
Geen labels, Wees de eerste die dit record labelt!

MARC

LEADER 00000nam a2200000 a 4500
001 UCW9097
003 CL-VaPUC
005 20211009074542.0
008 881130e19390000CL |||||||||||||||||spa|d
999 |c 221147  |d 221145 
040 |c Pontificia Universidad Católica de Valparaíso 
082 0 4 |a 320.014 BOI 1939  |2 21 
100 0 |a Boizard B., Ricardo  |9 314231 
245 1 0 |a Voces de la política, del púlpito y de la calle 
260 |a Santiago, Chile  |b Ercilla  |c 1939 
300 |a 102 páginas 
490 0 |a Colección Contemporáneos 
583 |a last modification  |c 20150408 03:28:29  |k Rodrigo Vera 
650 7 |a HISTORIA POLITICA  |2 CL-VaPUC  |9 314094 
650 0 |a Historia de Chile siglo 20  |9 268145 
942 |c BK  |2 ddc 
945 |d 19881130 00:00:00 
952 |0 0  |1 0  |2 ddc  |4 0  |6 320_014000000000000_BOI_1939  |7 0  |8 X  |9 214168  |a BIBHIS  |b BIBHIS  |d 2019-11-15  |i 2827913  |o 320.014 BOI 1939  |p 2827913  |r 2024-01-30  |t 1  |w 2019-11-15  |y BK_X  |k HIS